| 000 | 00521nam a2200205Ia 4500 | ||
|---|---|---|---|
| 003 | OSt | ||
| 005 | 20140311163110.0 | ||
| 008 | 140130s9999 xx 000 0 und d | ||
| 020 | _a0439469694 | ||
| 050 |
_aPZ 7 _b.H37413Mo 2002 |
||
| 100 |
_aHeling, Kathryn _930842 |
||
| 245 |
_cHeling, Kathryn. _aMouse makes magic / |
||
| 260 |
_bScholastic, _c2002. _aNew York : |
||
| 300 |
_a32 p. : _bcol. ill. ; _c20 cm. |
||
| 440 |
_v1 _930843 |
||
| 521 | _aG3 | ||
| 526 | _c500 | ||
| 942 |
_cBK-SCHOLAS _2lcc |
||
| 999 |
_c40543 _d40543 |
||